<?xml version="1.0" encoding="UTF-8"?>
<record
    xmlns:xsi="http://www.w3.org/2001/XMLSchema-instance"
    xsi:schemaLocation="http://www.loc.gov/MARC21/slim http://www.loc.gov/standards/marcxml/schema/MARC21slim.xsd"
    xmlns="http://www.loc.gov/MARC21/slim">

  <leader>02554nam a2200385 i 4500</leader>
  <controlfield tag="001">000048336</controlfield>
  <controlfield tag="003">DO-SdBNP</controlfield>
  <controlfield tag="005">20250910083716.0</controlfield>
  <controlfield tag="007">ta</controlfield>
  <controlfield tag="008">190207s2011    dr o          000 0 spa d</controlfield>
  <datafield tag="020" ind1=" " ind2=" ">
    <subfield code="a">9789945880106</subfield>
  </datafield>
  <datafield tag="040" ind1=" " ind2=" ">
    <subfield code="a">DO-SdBNP</subfield>
    <subfield code="b">spa</subfield>
    <subfield code="c">BNPHU</subfield>
    <subfield code="e">rda</subfield>
  </datafield>
  <datafield tag="082" ind1=" " ind2=" ">
    <subfield code="a">xxx</subfield>
    <subfield code="b">A473</subfield>
    <subfield code="2">22</subfield>
  </datafield>
  <datafield tag="100" ind1="1" ind2=" ">
    <subfield code="a">&#xC1;lvarez, Jos&#xE9; Alejandro</subfield>
    <subfield code="d">1966-</subfield>
    <subfield code="e">autor</subfield>
    <subfield code="4">aut.</subfield>
    <subfield code="9">75754</subfield>
  </datafield>
  <datafield tag="245" ind1="1" ind2="0">
    <subfield code="a">Mar azul /</subfield>
    <subfield code="c">Jos&#xE9; Alejandro &#xC1;lvarez ; ensayos, Yolanda Le&#xF3;n, Rub&#xE9;n Torres ; traducci&#xF3;n al ingl&#xE9;s Janet Canals ; traducci&#xF3;n al franc&#xE9;s Mar&#xED;a Josefina Cantisano, Brigitte B&#xE9;gu&#xE9; Fern&#xE1;ndez.</subfield>
  </datafield>
  <datafield tag="264" ind1=" " ind2="4">
    <subfield code="a">Santo Domingo :</subfield>
    <subfield code="b">Banco Popular,</subfield>
    <subfield code="c">&#xA9;2011.</subfield>
  </datafield>
  <datafield tag="300" ind1=" " ind2=" ">
    <subfield code="a">321 p&#xE1;ginas :</subfield>
    <subfield code="b">fotograf&#xED;as ;</subfield>
    <subfield code="c">24 cm.</subfield>
  </datafield>
  <datafield tag="336" ind1=" " ind2=" ">
    <subfield code="a">texto</subfield>
    <subfield code="b">txt</subfield>
    <subfield code="2">rdacontent</subfield>
  </datafield>
  <datafield tag="337" ind1=" " ind2=" ">
    <subfield code="a">sin mediaci&#xF3;n</subfield>
    <subfield code="b">n</subfield>
    <subfield code="2">rdamedia</subfield>
  </datafield>
  <datafield tag="338" ind1=" " ind2=" ">
    <subfield code="a">volumen</subfield>
    <subfield code="b">nc</subfield>
    <subfield code="2">rdacarrier</subfield>
  </datafield>
  <datafield tag="500" ind1=" " ind2=" ">
    <subfield code="a">Incluye datos biograf&#xED;cos del autor en la p&#xE1;gina 324.</subfield>
  </datafield>
  <datafield tag="500" ind1=" " ind2=" ">
    <subfield code="a">Libro de pasta dura.</subfield>
  </datafield>
  <datafield tag="505" ind1="0" ind2=" ">
    <subfield code="t">Presentaci&#xF3;n -- Notas del autor -- Prefacio -- El Mar Caribe -- El Oc&#xE9;ano Pac&#xED;fico -- Conservaci&#xF3;n -- Dedicatoria /</subfield>
  </datafield>
  <datafield tag="520" ind1=" " ind2=" ">
    <subfield code="a">El Banco Popular Dominicano se siente muy complacido con el auspicio de la publicaci&#xF3;n de este formidable libro Mar Azul, que retrata, a trav&#xE9;s del lente y la sensibilidad del destacado fot&#xF3;grafo submarino Jos&#xE9; Alejandro &#xC1;lvarez, diferentes aspectos de la vida del fondo de los mares y oc&#xE9;anos, que, a pesar de su estrecha correspondencia con la vida en la superficie, nos es, muy a menudo, demasiado extra&#xF1;a e incomprendida.</subfield>
  </datafield>
  <datafield tag="520" ind1=" " ind2=" ">
    <subfield code="a">Libro de la autor&#xED;a del fot&#xF3;grafo submarino dominicano Jos&#xE9; Alejandro &#xC1;lvarez. El primer cap&#xED;tulo, "La Rep&#xFA;blica Dominicana y el Caribe", se adentra en la riqueza de los fondos marinos de este territorio y regi&#xF3;n; el segundo cap&#xED;tulo, "El Pac&#xED;fico tropical", muestra el esplendor de la mayor masa de agua del planeta y la de mayor biodiversidad; y, por &#xFA;ltimo, "Conservaci&#xF3;n", un cap&#xED;tulo de cierre que busca llamar la atenci&#xF3;n sobre el acelerado deterioro de los ecosistemas marinos.</subfield>
  </datafield>
  <datafield tag="590" ind1=" " ind2=" ">
    <subfield code="a">Inventariado, 2019/ YL</subfield>
  </datafield>
  <datafield tag="700" ind1="1" ind2="2">
    <subfield code="a">Le&#xF3;n, Yolanda</subfield>
    <subfield code="e">ensayos</subfield>
    <subfield code="9">61576</subfield>
    <subfield code="4">en.</subfield>
  </datafield>
  <datafield tag="700" ind1="1" ind2="2">
    <subfield code="a">Torres, Rub&#xE9;n</subfield>
    <subfield code="e">ensayos</subfield>
    <subfield code="9">75755</subfield>
    <subfield code="4">en.</subfield>
  </datafield>
  <datafield tag="700" ind1="1" ind2="2">
    <subfield code="a">Canals, Janet</subfield>
    <subfield code="e">traductor</subfield>
    <subfield code="9">75756</subfield>
    <subfield code="4">tra.</subfield>
  </datafield>
  <datafield tag="700" ind1="1" ind2="2">
    <subfield code="a">Cantisano, Mar&#xED;a Josefina</subfield>
    <subfield code="e">traductor</subfield>
    <subfield code="9">75757</subfield>
    <subfield code="4">tra.</subfield>
  </datafield>
  <datafield tag="700" ind1="1" ind2="2">
    <subfield code="a">B&#xE9;gu&#xE9; Fern&#xE1;ndez, Brigitte</subfield>
    <subfield code="e">traductor</subfield>
    <subfield code="9">75758</subfield>
    <subfield code="4">tra.</subfield>
  </datafield>
  <datafield tag="856" ind1=" " ind2="2">
    <subfield code="y">https://bvearmb.do/handle/123456789/946</subfield>
    <subfield code="y">https://bvearmb.do/bitstream/handle/123456789/946/Mar_azul_JAA.pdf?sequence=1&amp;isAllowed=y</subfield>
  </datafield>
  <datafield tag="910" ind1=" " ind2=" ">
    <subfield code="a">Ylockward</subfield>
  </datafield>
  <datafield tag="942" ind1=" " ind2=" ">
    <subfield code="2">ddc</subfield>
    <subfield code="c">LBS1</subfield>
  </datafield>
  <datafield tag="952" ind1=" " ind2=" ">
    <subfield code="0">0</subfield>
    <subfield code="1">0</subfield>
    <subfield code="2">ddc</subfield>
    <subfield code="5">1</subfield>
    <subfield code="7">0</subfield>
    <subfield code="8">PD</subfield>
    <subfield code="a">BNPHU</subfield>
    <subfield code="b">BNPHU</subfield>
    <subfield code="c">CT</subfield>
    <subfield code="d">2018-11-06</subfield>
    <subfield code="e">Donaci&#xF3;n </subfield>
    <subfield code="i">LF1</subfield>
    <subfield code="l">0</subfield>
    <subfield code="o"> BNPHU PD</subfield>
    <subfield code="p">48336-10</subfield>
    <subfield code="r">2020-06-25</subfield>
    <subfield code="w">2020-06-25</subfield>
    <subfield code="y">LBS1</subfield>
    <subfield code="Z">No se presta</subfield>
  </datafield>
  <datafield tag="952" ind1=" " ind2=" ">
    <subfield code="0">0</subfield>
    <subfield code="1">0</subfield>
    <subfield code="2">ddc</subfield>
    <subfield code="5">1</subfield>
    <subfield code="7">0</subfield>
    <subfield code="8">PD</subfield>
    <subfield code="a">BNPHU</subfield>
    <subfield code="b">BNPHU</subfield>
    <subfield code="c">CT</subfield>
    <subfield code="d">2019-01-30</subfield>
    <subfield code="e">Donaci&#xF3;n </subfield>
    <subfield code="i">LF1</subfield>
    <subfield code="l">0</subfield>
    <subfield code="o"> BNPHU PD</subfield>
    <subfield code="p">48336-20</subfield>
    <subfield code="r">2020-06-25</subfield>
    <subfield code="t">e. 2</subfield>
    <subfield code="w">2020-06-25</subfield>
    <subfield code="y">LBS1</subfield>
    <subfield code="Z">No se presta</subfield>
  </datafield>
  <datafield tag="999" ind1=" " ind2=" ">
    <subfield code="c">47824</subfield>
    <subfield code="d">47824</subfield>
  </datafield>
</record>
